1578 1714 1486 1389 1204 1623 1465 1604 1482 1314 1249 1027 1138 1580 1056 1681 1574 1676 1473 1653 1634 1697 1032 1431 1828 1163 1143 1623 1246 1471 1165 1937 1547 1800 1677 1697 1729 1410 1694 1276 1586 1600 1631 1010 1426 1179 1634 1331 1729 1200 1583 1715 1291 1073 1966 1508 1789 1280 1331 1296 1773 1349 1592 1587 1812 1725 1686 1707 1564 1964 1129 1081 1580 1338 1653 1669 1110 1832 1700 1022 1207 1906 1186 1871 1392 1280 1305 1440 1723 1797 1412 1802 1484 1224 1052 1695 1994 1152 1213 BCNSPRNW ULIB Ver.6.0+V

เปลี่ยนเป็นภาษาไทย

Change to English
 แสดงรายละเอียดบรรณานุกรม
  กลับหน้าหลัก

Brief Record : Get Marc (ISO 2709) : E-mail record : QR code < ปิดหน้าต่าง
LEADER : 00000nas 2200000uu 4500
001    13399123853
003     ULIB
008    141212s||||||||th 000 0 tha d
022 0  ^a1906196X
245 00 ^aสุขศาลา/^cสำนักวิจัยสังคมและสุขภาพ (สวสส.)
310    ^aรายปี
850 ^a ULIB^bปีที่ 5 ฉบับที่ 20 ฉ.1 ;ปีที่ 5 ฉบับที่ 20 ฉ.1
945    ^p0^l0^i902699
945    ^p0^l0^i902700
999    ^aกมลทิพย์ ธนสารสุธี
รายการนี้ยังไม่มีแท็ก
คุณยังไม่ได้ล็อกอิน คุณสามารถมีกิจกรรมร่วมกับเว็บไซต์ได้ แต่ต้องล็อกอินก่อน ::
  ล็อกอิน

รายการสื่อสารสนเทศ (วารสาร)

ดูแบบ: กล่อง รายการ
ARRIVED
ปีที่ 5 ฉบับที่ 20 ฉ.1
สถานที่: ห้องสมุดวิทยาเขตสวรรค์ประชารักษ์ >วารสาร

BibComment


ยังไม่เคยถูกคอมเมนท์

คอมเมนท์ทรัพยากรรายการนี้
  คอมเมนท์: สุขศาลา สำนักวิจ..


 Copyright 2026. Bcnsprnw @Library